Dějiny matematiky
Gespeichert in:
| 1. Verfasser: | |
|---|---|
| Format: | Buch |
| Sprache: | Tschechisch |
| Veröffentlicht: |
Praha :
Orbis,
1963
|
| Schlagworte: | |
| Tags: |
Keine Tags, Fügen Sie das erste Tag hinzu!
|
MARC
| LEADER | 00000nam a22000003a 4500 | ||
|---|---|---|---|
| 001 | stu88025 | ||
| 005 | 20150617225630.3 | ||
| 008 | 040616s1963----cs------------------cze-d | ||
| 040 | |a STU |b slo | ||
| 041 | 0 | |a cze | |
| 044 | |a cs | ||
| 080 | |a 51(09) | ||
| 100 | 1 | |a Struik, Dirk J. |4 aut | |
| 245 | 1 | |a Dějiny matematiky | |
| 260 | |a Praha : |b Orbis, |c 1963 | ||
| 300 | |a 250 s | ||
| 650 | 7 | |a dejiny matematiky |2 stusub | |
| 996 | |b 284J021791 |c J*27825 |l JJK16 |s P |a 0 |w stu88025_0001 | ||